000 00771nam a22002417a 4500
999 _c6416
_d6416
003 AR-CdUCM
008 190315b ||||| |||| 00| 0 spa d
040 _aMUNICIPALIDAD PROVINCIAL DEL CUSCO
_cBIBLIOTECA MUNICIPAL DEL CUSCO
082 _a011 /
_bN89
100 _aNueda, Luis
_918234
245 _aMil Libros :
_bRecuerdos Bibliográficos /
260 _aMadrid :
_bAguilar ;
_c1969.
300 _a3 Tomos,
_c24cm
505 _aContenido: t.1: A-L Diversas materias -- t.2: M-Z Diversas materias -- t.3 : A-Z Diversas materias.
650 _aCiencias
_98174
650 _aFilosofía
_9395
650 _aReligión
_91195
650 _aLiteratura
_9416
650 _aEnsayos
_91010
700 _aEspina, Antonio
_98297
942 _2ddc
_cLIBROS
945 _anom